| 000 | 00465nam a2200157 i 4500 | ||
|---|---|---|---|
| 001 | 20541 | ||
| 003 | ES-MaACL | ||
| 005 | 20230906152325.0 | ||
| 007 | t| | ||
| 008 | 021114s1971 sp ||||1| spa d | ||
| 245 | 0 | 3 |
_aEl acero en la construcción / _c[versión... José Pinós Calvet]. |
| 260 |
_aBarcelona, etc : _bReverte, _c[1971] |
||
| 300 |
_aXVI, 1288 p. : _bil. ; _c24 cm. |
||
| 700 | 1 |
_aPinós Calvet, José. _992195 |
|
| 852 |
_aES-MaACL _jC-42369 _bR.80743 |
||
| 999 |
_c20541 _d20541 |
||